| 000 | 01315nam a22003617a 4500 | ||
|---|---|---|---|
| 003 | CHAP | ||
| 005 | 20220817044141.0 | ||
| 008 | 070212d19966 mx r 00110 spa d | ||
| 010 | _a93299 | ||
| 011 | _a94271 | ||
| 035 | _a104858 | ||
| 040 | _cCHAP | ||
| 090 | _aFolleto 16197 | ||
| 100 | 1 |
_aAguilar Melchor, Juan José. _92765 |
|
| 245 | 1 | 0 |
_aComo podar frutales caducifolios _c/por Juan José Aguilar Melchor y Rodolfo Muñoz Pérez |
| 260 |
_aCoatepec de Harinas, Edo. de México : _bFundación Slavador Sánchez Colín. CICTAMEX, S. C. : _c1996. |
||
| 300 |
_a12 p. : _bilus. |
||
| 410 | 0 | 0 |
_aFundación Salvador Sánchez Colín. CICTAMEX _v; 177 |
| 590 |
_aBATCH-UPD _b10 _c20130110 _lUCH01 _h0151 |
||
| 590 |
_aBATCH-UPD _b10 _c20130110 _lUCH01 _h0722 |
||
| 590 |
_aBATCH-UPD _b10 _c20130409 _lUCH01 _h2151 |
||
| 590 |
_aBATCH-UPD _b10 _c20130913 _lUCH01 _h2322 |
||
| 590 |
_aCONVERSION _b10 _c20130109 _lUCH01 _h1352 |
||
| 650 | 1 | 4 |
_aArboles frutales _xPoda. _96684 |
| 650 | 1 | 4 |
_aPoda. _989467 |
| 700 | 1 |
_aMuñoz Pérez, Rodolfo. _979658 |
|
| 810 | 0 | 0 |
_aFundación Salvador Sánchez Colín. CICTAMEX _v; 177 |
| 901 | _aBK | ||
| 905 | _aLilia | ||
| 942 | _cFOLL | ||
| 949 |
_aFolleto 16197 _bBC _cFOLL _d33724002017545 _eTS2 _fc.2 _i104858 _si |
||
| 949 |
_aFolleto 16197 _bBC _cFOLL _d33724002017587 _eTS1 _i104858 _sb |
||
| 999 |
_c93299 _d93299 |
||